| 000 | 00400nam a2200145 a 4500 | ||
|---|---|---|---|
| 005 | 20140414132104.0 | ||
| 008 | 100823s19uu xx 00 eng d | ||
| 050 |
_aTR 510 _bJ41 2006 |
||
| 100 | _aJensen, Paz Lacsamana- | ||
| 245 |
_aSpeed math : _bmultipication and division. |
||
| 260 |
_aManila, Philippines : _bAnvil, _c2006. |
||
| 650 | _aMultiplication | ||
| 650 | _aAddition | ||
| 999 |
_c114552 _d114552 |
||